00678nam a2200241 a 4500001001300000003000900013005001700022008004100039020001000080082001700090100002100107245003100128260004300159300000900202500003500211505001000246650003200256700002100288902000800309942000700317952009700324999001500421nice12345678IN_TiNIC20260116012024.0050524s1926 naja grp 000 0 urd  ac10000a954.022bKHA aKhan, Akbar Shah aAaina-E-Haqiqat Numa Vol.1 aNajeebabadbManager Risala Ibratc1926 a326p aincludes index and biblioraphy2 aNotes aIndia-History Muslim Period1 aKhan, Akbar Shah bSRS cBK 00104070aHMIbHMId2007-04-03g100.00l0o954.022 KHAp9604r2007-04-03w2026-01-16yARB c5321d5321